[Event "Dhaka SGS op"]
[Site "Dhaka"]
[Date "2017.06.10"]
[Round "8"]
[White "Golam Rasul, Bhuiyan"]
[Black "Anata, Choudhury"]
[Result "0-1"]
[WhiteElo "1824"]
[BlackElo "2051"]
[PlyCount "110"]
[EventDate "2017.06.03"]
[EventType "swiss"]
[EventRounds "9"]
[EventCountry "BAN"]
[SourceTitle "EXT 2024"]
[Source "ChessBase"]
[SourceDate "2023.10.10"]
[SourceVersion "1"]
[SourceVersionDate "2023.10.10"]
[SourceQuality "1"]

1. e4 c5 2. Nf3 e6 3. a3 Nc6 4. d4 cxd4 5. Nxd4 Qc7 6. Nc3 a6 7. Be2 Nf6 8. 0-0 Nxd4 9. Qxd4 Bc5 10. Qd3 b5 11. b4 Be7 12. f4 d6 13. Bb2 0-0 14. Qg3 Bb7 15. Bd3 e5 16. Kh1 Nh5 17. Qg4 g6 18. Rf3 Nxf4 19. Rxf4 exf4 20. Qxf4 f5 21. exf5 Bf6 22. Qd2 Rac8 23. Nd1 Bxb2 24. Nxb2 Qc3 25. Qxc3 Rxc3 26. Nd1 Rc7 27. fxg6 hxg6 28. Ne3 Re7 29. Ng4 Kg7 30. h3 Rfe8 31. Kh2 Re1 32. Ra2 Bd5 33. Rb2 Ra1 34. h4 Be4 35. Bxe4 Rxe4 36. Nf2 Re2 37. Nh3 Rxa3 38. Rb1 Rxc2 39. Rd1 Raa2 40. Nf4 Rd2 41. Re1 Kf7 42. Kh3 Rab2 43. Rc1 Rdc2 44. Ra1 Rxb4 45. g3 Ra4 46. Rf1 Rxf4 47. Rxf4+ Kg7 48. Rd4 Rc6 49. g4 Rb6 50. g5 b4 51. Kg4 b3 52. Rd1 b2 53. Rb1 a5 54. Kf3 a4 55. Ke3 a3 0-1